000
00226 a2200097 4500
001
38306
100
_a
Blank Warren
245
_a
The 9 natural laws of leadership
260
_a
New York
_b
Amacon
_c
1995
090
_c
24348
_d
24348
942
_a
NUST-CAE
_c
M
_c
15945
999
_c
273379
_d
273379